Anomalous origin of the left coronary artery in children

Bibliographic Details
Main Authors: Jurko, Alexander, 1963- (Author), Jurko, Alexander, 1934-2026 (Author), Meško, Dušan, 1956- (Author), Holan, M. (Author)
Corporate Author: Alpe Adria Cardiology Meeting (Author)
Format: Conference Proceeding Article
Language:Slovak
English
ISSN:1210-0048
Subjects:

MARC

LEADER 00000nab a2200000 a 4500
001 vtls008415723
003 SK-MaSNL
005 20260305015416.0
008 250505c2005 xo 0 slo
015 |a SNBCL2005/5 
035 |a SLK033340 
035 |a urn:nbn:sk:snk-ab336u 
035 |a (urnnbn)urn:nbn:sk:snk:ar-a05rtt 
035 |a (uuid)8172d2ab-fe56-4c1b-b841-6657dcef1e1e 
040 |a SNKBUCL  |b slo  |c SNKBUCL  |e AACR2 
041 0 |a eng 
044 |a xo  |c SK 
080 |a 616.132-007-053.2:616-079.4:061.3  |2 1981 
245 0 0 |a Anomalous origin of the left coronary artery in children  |c A. Jurko ml. ... [et al.] 
650 0 7 |a cievy koronárne  |x anatómia a histológia  |2 MESH  |9 1400967 
650 0 7 |a defekt aortopulmonálneho septa  |x klasifikácia  |2 MESH  |9 1594338 
650 0 7 |a elektrokardiografia  |2 SNKPH  |9 2458 
650 0 7 |a echokardiografia  |2 SNKPH  |9 2456 
650 0 7 |a diferenciálna diagnostika  |2 MESH  |9 69886 
650 0 7 |a abstrakty z kongresu  |2 MESH  |9 168204 
700 1 |a Jurko, Alexander,  |d 1963-  |4 aut  |9 188679 
700 1 |a Jurko, Alexander,  |d 1934-2026  |4 aut  |9 188680 
700 1 |a Meško, Dušan,  |d 1956-  |4 aut  |9 197434 
700 1 |a Holan, M.  |4 aut  |9 822892 
711 1 |a Alpe Adria Cardiology Meeting  |n (13. :  |d 2005 :  |c Piešťany, Slovensko)  |4 aut  |9 218287 
773 0 |t Kardiológia  |g Vol. 14, no. 3 (2005), p. K/C 95  |x 1210-0048 
850 |a Slovenská národná knižnica 
852 |a Slovenská národná knižnica 
958 |a article27 
958 |a OND 
999 |c 3274739  |d 3276669